000 00799cam a2200253 i 4500
001 357535
003 OSt
005 20230704155854.0
008 780210s1976 ke abf 000 0aeng
010 _a 76980688
040 _aDLC
_cDLC
_dDLC
043 _af-rh---
082 0 0 _a364.13
_bSTI
100 1 _aSithole, Ndabaningi,
_d1920-
245 1 0 _aLetters from Salisbury Prison /
_cNdabaningi Sithole.
260 _aNairobi :
_bTransafrica Publishers,
_c1976.
300 _ax, 186 p., [5] leaves of plates :
_bill., map ;
_c22 cm.
600 1 0 _aSithole, Ndabaningi,
_d1920-
610 2 0 _aZimbabwe African National Union.
650 0 _aPolitical prisoners
_zZimbabwe
_xCorrespondence.
650 0 _aNationalism
_zZimbabwe.
906 _a7
_bcbc
_corignew
_d4
_encip
_f19
_gy-gencatlg
942 _2ddc
_cBK
999 _c3924
_d3924